Statistics for Five Biggest Cities by Region

Click here to take the quiz!

General Stats

  • This quiz has been taken 471 times
  • The average score is 27 of 40

Answer Stats

PopulationCity% Correct
3.88 milLos Angeles
96%
0.84 milSan Francisco
95%
8.49 milNew York City
93%
9.79 milSeoul
93%
8.95 milTokyo
91%
0.66 milBoston
90%
2.76 milRome
90%
1.36 milSan Diego
90%
5.66 milBangkok
86%
2.67 milOsaka
86%
3.26 milPyongyang
85%
6.84 milHanoi
83%
1.61 milBarcelona
82%
14.38 milIstanbul
81%
3.93 milPhiladelphia
81%
1.75 milBudapest
80%
7.68 milHo Chi Minh City
80%
1.81 milVienna
78%
0.66 milWashington
77%
5.45 milSantiago
76%
1.00 milSan Jose
75%
3.41 milBusan
74%
0.96 milNaples
71%
4.55 milAlexandria
69%
1.80 milBucharest
69%
2.26 milNagoya
63%
2.23 milPhnom Penh
60%
3.69 milYokohama
59%
7.76 milBogotá
58%
2.51 milQuito
57%
0.51 milFresno
50%
2.66 milIncheon
46%
2.41 milMedellín
44%
1.54 milKobe
41%
1.41 milMunich
40%
1.23 milSofia
39%
2.31 milCali
37%
2.45 milDaegu
37%
0.81 milCharlotte
31%
1.90 milHaiphong
6%

Score Distribution

Percentile by Number Answered

Percent of People with Each Score

Your Score History

You have not taken this quiz